[Event "World Team-ch Women 2017"]
[Site "Khanty-Mansyisk"]
[Date "2017.06.21"]
[Round "5"]
[White "Hoang, Thi Bao Tram"]
[Black "Mamedjarova, Zeinab"]
[Result "1-0"]
[WhiteElo "2380"]
[BlackElo "2289"]
[Annotator "TA"]
[PlyCount "143"]
[EventDate "2017.??.??"]
[EventType "team-tourn"]
[EventCountry "RUS"]
[SourceTitle "playchess.com"]
[Source "ChessBase"]
[SourceQuality "1"]
[WhiteTeam "VIE"]
[BlackTeam "AZE"]
[WhiteTeamCountry "VIE"]
[BlackTeamCountry "AZE"]

{[%evp 12,143,23,8,39,11,33,22,22,8,12,22,23,19,66,63,131,143,200,219,200,196,196,197,213,195,252,218,246,222,224,169,299,266,356,359,378,364,359,333,332,343,300,276,379,343,306,283,273,266,331,291,357,326,472,473,457,469,447,473,542,562,559,553,608,603,666,459,454,438,448,453,447,440,426,376,383,384,374,346,341,273,273,274,266,267,243,233,272,272,273,267,267,266,281,283,374,374,374,374,367,366,327,250,298,300,283,225,412,411,432,412,391,385,287,202,496,496,547,456,714,714,700,689,619,539,5120,5113,5065,5065,4678,4618,1660,2081]} 1. d4 d5 2. Nf3 Nf6 3. c4 dxc4 4. e3 e6 5. Bxc4 c5 6. O-O a6 7. a4 Nbd7 {D27: Queen's Gambit Accepted: Classical main line: 7 e4!? and 7 a4} (7... Nc6 8. Nc3 Be7 9. dxc5 {½-½ (9) Aleksandrov,A (2586)-Rublevsky,S (2692) Cheboksary 2016}) 8. a5 Be7 9. Qe2 O-O {The position is equal.} 10. Nc3 b5 $146 ({Predecessor:} 10... Qc7 11. Bd2 cxd4 12. exd4 Bb4 13. Rfc1 Qd6 14. Ra4 Bxc3 15. Bxc3 Nd5 16. Bxd5 Qxd5 {½-½ (35) Guo,W (1788)-Zhang,X (1913) Beijing 2017}) 11. axb6 $1 Nxb6 12. dxc5 Nxc4 13. Qxc4 a5 (13... e5 $14) 14. b4 $1 $16 {[%cal Rb4b5] Threatens to win with b5.} Bb7 (14... Qc7 $16) 15. b5 $18 Bxf3 16. gxf3 Nd7 17. c6 Nb6 18. Qe2 Bb4 (18... Qc7 $142 19. Ba3 a4) 19. Bb2 Qh4 20. Rad1 f5 21. Kh1 Rab8 (21... a4 $142 22. Na2 Ba5) 22. Rg1 Rf7 23. f4 Qe7 24. Na2 Bd6 25. Rg2 Nd5 26. Rdg1 g6 27. Qc4 Kf8 28. Nc3 Nb6 29. Qd4 {[%cal Rd4h8]} e5 30. Qd3 Qe6 31. Ne2 Nc4 32. fxe5 Bxe5 (32... Nxe5 {keeps fighting.} 33. Bxe5 Bxe5) 33. Bxe5 Nxe5 34. Qa3+ Kg8 35. Rc1 Qd5 36. Qc5 Qxc5 37. Rxc5 Nd3 38. Rc3 Nb4 39. Nf4 Rc7 40. Rc5 a4 41. Rg1 a3 42. Ra1 a2 43. Nd5 Nxd5 44. Rxd5 {[%mdl 4096] Endgame KRR-KRR} Ra7 45. Rc5 Ra5 46. Rc2 Raxb5 {Strongly threatening ...Rb1+.} 47. Raxa2 Rc8 {[#]} 48. Ra7 $1 {[%cal Ra7d7]} Rb6 49. c7 Kg7 50. Kg2 Re6 51. Ra5 Re7 {[#]} 52. Rac5 $1 Kh6 53. Kg3 Rd7 54. Kf4 Re7 55. R2c4 Kh5 56. Kf3 Kh6 57. Ke2 Rd7 58. h4 Kg7 59. h5 Kh6 $2 (59... gxh5 60. Kf3 (60. Rxf5 Rdxc7 61. Rxc7+ Rxc7 $16) 60... h4) 60. hxg6 hxg6 61. Rc6 Kg7 62. Kf3 g5 63. Rc1 Kf7 $2 (63... Rf7 64. Kg3 Rf6) 64. R1c5 {White is clearly winning.} g4+ 65. Kg3 Rd2 (65... Re7 $142 66. Rxf5+ Ke8) 66. Rxf5+ Ke7 67. Rf4 Kd7 68. Rcc4 Rh8 69. c8=Q+ Rxc8 70. Rxc8 Kxc8 71. Rxg4 Ra2 72. Rd4 {Precision: White = 81%, Black = 43%.} 1-0

[Event "World Team-ch Women 2017"]
[Site "Khanty-Mansyisk"]
[Date "2017.06.21"]
[Round "5"]
[White "Vijayalakshmi, Subbaraman"]
[Black "Ehab, Tasneem"]
[Result "1-0"]
[WhiteElo "2375"]
[BlackElo "1750"]
[Annotator "TA"]
[PlyCount "83"]
[EventDate "2017.??.??"]
[EventType "team-tourn"]
[EventCountry "RUS"]
[SourceTitle "playchess.com"]
[Source "ChessBase"]
[SourceQuality "1"]
[WhiteTeam "IND"]
[BlackTeam "EGY"]
[WhiteTeamCountry "IND"]
[BlackTeamCountry "EGY"]

{[%evp 14,83,37,43,83,48,59,75,85,87,84,89,101,87,113,32,70,67,152,153,134,149,154,159,180,160,176,32,33,45,67,75,177,177,335,234,242,189,166,173,418,439,443,435,407,447,456,443,424,406,554,554,618,620,610,599,799,791,921,911,895,541,985,985,955,955,948,943,29970,29964,29983,29984]} 1. d4 Nf6 2. Nf3 g6 3. g3 Bg7 4. Bg2 O-O 5. O-O d6 6. b3 c5 7. Bb2 Qc7 8. c4 {LiveBook: 4 Games} Bg4 $146 {E60: King's Indian: Unusual lines and Fianchetto Variation without Nc3} ({Predecessor:} 8... cxd4 9. Nxd4 a6 10. Nc3 Nc6 11. Rc1 Nxd4 12. Qxd4 Be6 13. Nd5 Bxd5 14. Bxd5 Nh5 15. Qd2 Bxb2 16. Qxb2 Nf6 17. Bf3 Rab8 18. h4 h5 19. Rfd1 a5 20. a3 b6 {½-½ (29) Chigaev,M (2531)-Cuenca Jimenez,J (2492) Tallinn 2016}) 9. Nc3 Nc6 10. d5 Bxf3 {White is better.} 11. Bxf3 Ne5 12. Bg2 a6 13. h3 Nh5 14. e4 (14. e3 $16) 14... b5 15. cxb5 axb5 (15... c4 $14) 16. Nxb5 $16 Qb6 17. a4 Rfc8 18. Kh2 Rab8 19. Qe2 c4 20. f4 (20. Bd4 $18 Nf3+ 21. Bxf3 Bxd4 22. Rab1 (22. bxc4 Bxa1 23. Rxa1 Qc5 $14)) 20... cxb3 $14 21. Rac1 (21. fxe5 Rc2 $15) 21... Nd7 22. e5 $1 {aiming for Rc6.} dxe5 (22... Rxc1 $16 {is a better defense.} 23. Rxc1 Nc5) 23. fxe5 $18 Bh6 $2 {[#]} (23... Rc2 {keeps fighting.} 24. Rxc2 bxc2) 24. Rc6 Qe3 25. Qg4 $36 {[%mdl 2048] White is really pushing.} Rd8 ({Don't blunder} 25... Rxc6 $2 26. dxc6 Nxe5 27. Bxe5 $18) 26. Bc1 ({Much less strong is} 26. e6 $6 f5 $14) 26... Qd3 $2 (26... Nxe5 {was called for.} 27. Bxe3 Nxg4+ 28. hxg4 Bxe3) 27. Rc3 ({Weaker is} 27. Bxh6 Nxe5 28. Qg5 Qxf1 $18) 27... Nxe5 28. Rxd3 Nxg4+ 29. hxg4 Bxc1 30. Rxc1 Nf6 31. Kh3 Rb6 32. Rxb3 Nxd5 33. a5 Ra6 34. Bxd5 Rxd5 35. Nc7 Raxa5 36. Nxd5 Rxd5 37. Re1 e6 38. Rb8+ Kg7 39. Rb7 h5 40. Rf1 hxg4+ 41. Kxg4 Rd4+ 42. Rf4 {Precision: White = 59%, Black = 36%.} 1-0

[Event "World Team-ch Women 2017"]
[Site "Khanty-Mansyisk"]
[Date "2017.06.21"]
[Round "5"]
[White "Mammadzada, Gunay"]
[Black "Vo, Thi Kim Phung"]
[Result "1/2-1/2"]
[WhiteElo "2368"]
[BlackElo "2378"]
[Annotator "TA"]
[PlyCount "122"]
[EventDate "2017.??.??"]
[EventType "team-tourn"]
[EventCountry "RUS"]
[SourceTitle "playchess.com"]
[Source "ChessBase"]
[SourceQuality "1"]
[WhiteTeam "AZE"]
[BlackTeam "VIE"]
[WhiteTeamCountry "AZE"]
[BlackTeamCountry "VIE"]

{[%evp 26,122,37,24,35,32,44,63,85,84,80,73,107,70,81,48,54,54,72,67,92,66,92,88,146,79,87,77,84,75,91,88,102,95,125,122,139,131,131,151,142,10,160,168,192,154,153,153,148,148,179,180,170,131,212,119,191,98,193,141,136,120,116,73,73,73,73,73,73,73,73,73,73,73,73,73,73,73,73,73,511,477,433,452,366,324,224,15,15,15,15,1,1,1,1,0,1,1,1]} 1. e4 e6 2. d4 d5 3. Nd2 Nf6 4. e5 Nfd7 5. Bd3 c5 6. c3 Nc6 7. Ne2 cxd4 8. cxd4 f6 9. exf6 Nxf6 10. Nf3 Bd6 11. O-O Qc7 12. h3 O-O 13. Be3 {C06: French Tarrasch: 3...Nf6 4 e5 Nfd7 5 Bd3 main lines} Bd7 14. Re1 {LiveBook: 30 Games} Nb4 (14... Be8 15. Ng5 Bf7 16. Rc1 Kh8 17. a3 Bg8 18. b4 a6 19. g3 h6 20. Nf4 Bxf4 21. Bxf4 {1-0 (38) Navara,D (2729)-Michiels,B (2563) Wijk aan Zee 2015}) 15. Rc1 {White is slightly better.} Qa5 $146 ({Predecessor:} 15... Nxd3 16. Rxc7 Nxe1 17. Qxe1 Bxc7 18. Bf4 Bxf4 19. Nxf4 Ne4 20. Qe3 Rac8 {1-0 (32) Huschenbeth,N (2535)-Riess,A (2183) Hamburg 2015}) 16. Qd2 Qd8 {[#]} 17. Bb1 $1 Ne4 18. Qd1 ({Of course not} 18. Bxe4 dxe4 19. Ne5 Nxa2 $11) 18... Nf6 19. Ne5 Nc6 20. f4 Qb6 21. Qd2 Ne7 22. Nc3 Be8 23. a3 Rc8 24. Bf2 Nh5 {[#]} ({Better is} 24... Bc7) 25. g3 (25. f5 $142 $1) 25... g6 $16 26. Kg2 Rc7 27. Bd3 Qb3 28. Be2 Ng7 29. Nd3 Qb6 30. Nc5 {N3a4 is the strong threat.} a6 31. Bg4 Bxc5 32. dxc5 Qc6 33. Ne2 (33. Bd1 $16 Qd7 34. g4) 33... Qd7 (33... d4+ $11 34. Bf3 Qd7 35. Nxd4 (35. Bxd4 e5 $16) 35... g5 36. fxg5 Ng6) 34. Nd4 $36 {[%mdl 2048] White has strong initiative.} Bf7 35. Nf3 Nc6 36. Ne5 Nxe5 37. Rxe5 Nf5 38. Rce1 d4 39. Bf3 Rd8 (39... Ne7 $16 40. Qxd4 (40. Bxd4 Rd8 $16) 40... Qxd4 41. Bxd4 Nc6) 40. Rd1 (40. g4 $18 Ne7 41. Bh4) 40... Qa4 (40... Ne7 $16) 41. Qe2 (41. g4 $18) 41... Be8 (41... Ne7 $16 {was worth a try.}) 42. g4 ({White should try} 42. Rxe6 $18 Rcc8 43. g4 (43. Bxb7 Rxc5 44. Be4 Bf7 $16) 43... Ne3+ 44. Bxe3) 42... Bb5 43. Qe1 Ng7 44. Re4 Rcd7 45. b3 Qxb3 {Black wants to play ...Bc6.} 46. Rexd4 Rxd4 47. Rxd4 Rxd4 48. Bxd4 Bc6 49. Bxc6 bxc6 50. Qe5 {[%csl Gd4][%cal Re5g7]} Qd5+ 51. Kf2 {[%csl Gd4][%cal Re5g7]} Qxe5 52. Bxe5 {[%mdl 4096] Endgame KB-KN} h5 $2 {[%mdl 8192]} (52... Ne8 $16) 53. Ke3 $18 hxg4 54. hxg4 {And now Bxg7 would win.} Ne8 55. Kd3 Kf7 56. g5 $2 (56. Kc3 $18 {Hoping for g5.} Nf6 57. g5 Nd5+ 58. Kb3) 56... Ke7 $11 {The position is equal.} 57. Kc4 (57. Kc3 $5 {[%cal Rc3b4]} Kd8 58. Kc4 $16) 57... Kd7 58. a4 Kc8 59. Kd4 Kd7 60. Kc4 (60. Bf6 $5) 60... Kc8 61. Kb4 Kb7 $1 {Precision: White = 46%, Black = 47%.} 1/2-1/2

[Event "World Team-ch Women 2017"]
[Site "Khanty-Mansyisk"]
[Date "2017.06.21"]
[Round "5"]
[White "Buksa, Nataliya"]
[Black "Majdan, Joanna"]
[Result "1-0"]
[WhiteElo "2344"]
[BlackElo "2365"]
[Annotator "TA"]
[PlyCount "99"]
[EventDate "2017.??.??"]
[EventType "team-tourn"]
[EventCountry "RUS"]
[SourceTitle "playchess.com"]
[Source "ChessBase"]
[SourceQuality "1"]
[WhiteTeam "UKR"]
[BlackTeam "POL"]
[WhiteTeamCountry "UKR"]
[BlackTeamCountry "POL"]

{[%evp 17,99,45,72,25,19,0,0,0,14,2,16,13,7,0,17,16,22,0,0,0,17,0,7,0,21,26,13,16,14,14,34,35,50,74,57,58,64,57,62,71,133,127,124,106,115,30,75,54,53,39,46,8,63,16,25,32,20,0,4,0,0,0,41,0,56,65,285,282,297,294,412,406,389,354,521,562,502,421,899,516,29989,29990,29996,29997]} 1. e4 c5 2. Nf3 d6 3. d4 cxd4 4. Nxd4 Nf6 5. Nc3 g6 6. Be3 Bg7 7. f3 O-O 8. Qd2 Nc6 9. Bc4 Nd7 10. O-O {B77: Sicilian Dragon: Yugoslav Attack, 9 Bc4 sidelines} (10. Bb3 Nb6 11. h4 Na5 12. Qd3 Bd7 13. h5 Nxb3 14. axb3 a5 15. hxg6 fxg6 16. Bh6 Bxh6 17. Rxh6 Rf7 18. O-O-O a4 19. e5 Qf8 20. Rdh1 dxe5 21. Qxg6+ Qg7 22. Qxg7+ {½-½ (22) Volokitin,A (2654)-Tiviakov,S (2663) Sochi 2007}) 10... Nb6 11. Bb3 Na5 12. Qd3 {The position is equal.} Bd7 13. Nd5 Nxb3 14. axb3 $146 ({Predecessor:} 14. Qxb3 Nxd5 15. Qxd5 Qb6 16. Bf2 Qc7 17. c3 a6 {½-½ (46) Koerber,G-Becker,P (1964) Griesheim 2003}) 14... Nxd5 15. exd5 a6 16. c3 Qc7 17. Ne2 e5 18. dxe6 Bxe6 19. Ra3 Rfe8 20. Bd4 Be5 21. f4 Bf5 22. Qd2 Bxd4+ 23. Nxd4 Qc5 24. b4 Qd5 25. Ra5 b5 26. Raa1 Re4 27. Qf2 Bc8 28. Rfe1 f5 (28... Bf5 $142) 29. Rxe4 $16 fxe4 30. Re1 Bb7 31. Re3 (31. Nc2 $16) 31... Rf8 32. h3 Qf7 33. Ne2 Bd5 34. g4 Qc7 (34... h6 $11) 35. Nd4 a5 36. bxa5 Qxa5 37. Kh2 (37. b4 $5 {[%cal Rb4a5]} Qa1+ 38. Kh2 $14) 37... b4 38. f5 bxc3 39. bxc3 g5 40. c4 (40. h4 $5 {[%cal Rh4g5]}) 40... Qc5 (40... Bb7 $11) 41. Qd2 $1 $36 {[%mdl 2048] White is pushing.} Qxc4 $2 ({Black should play} 41... Bb7 $1 $14) 42. Rc3 $18 e3 43. Qxe3 (43. Rxe3 h6 $14) 43... Qf1 (43... Qa2+ $142 44. Rc2 Qa7 45. Qxg5+ Qg7 46. Qxg7+ Kxg7) 44. Qxg5+ Kh8 {[%csl Gd5][%cal Rf1g2] [#]} 45. Qd2 Ra8 (45... Qb1 {is a better defense.} 46. Kg3 Qb4) 46. Kg3 ({Weaker is} 46. Ne6 Bxe6 47. fxe6 Re8 $14) 46... Re8 47. Kh4 Qh1 (47... Qg2 $142 48. Qxg2 Bxg2) 48. Rc7 {[#] White wants to mate with Ne6!} Rg8 (48... Qe1+ $18 49. Qxe1 Rxe1) 49. Qc3 Qe4 50. Nf3+ {Precision: White = 55%, Black = 43%.} 1-0

[Event "World Team-ch Women 2017"]
[Site "Khanty-Mansyisk"]
[Date "2017.06.21"]
[Round "5"]
[White "Fataliyeva, Ulviyya"]
[Black "Luong, Phuong Hanh"]
[Result "1-0"]
[WhiteElo "2341"]
[BlackElo "2208"]
[Annotator "TA"]
[PlyCount "185"]
[EventDate "2017.??.??"]
[EventType "team-tourn"]
[EventCountry "RUS"]
[SourceTitle "playchess.com"]
[Source "ChessBase"]
[SourceQuality "1"]
[WhiteTeam "AZE"]
[BlackTeam "VIE"]
[WhiteTeamCountry "AZE"]
[BlackTeamCountry "VIE"]

{[%evp 23,185,58,60,49,58,54,62,62,89,46,72,42,75,62,66,56,95,51,50,42,100,99,93,89,113,89,177,163,173,163,139,105,108,112,108,88,63,70,126,137,132,137,143,128,143,142,187,187,179,137,175,181,201,192,206,170,197,202,208,168,199,178,322,216,235,237,216,204,214,208,279,277,306,277,274,266,347,297,349,354,354,288,281,280,263,272,280,274,448,448,418,379,541,577,653,771,1018,980,1015,795,790,616,480,602,1107,855,824,610,1149,1119,1264,1272,1257,1255,1264,1264,1253,1222,1221,1169,1193,1183,1124,1114,1179,1079,12835,12835,12841,12836,12835,12836,12841,12840,12841,12841,12844,12842,12844,12845,12845,12844,29987,29988,29988,29989,29993,12847,29986,12846,12847,12845,12846,12846,12847,12846,12846,12845,12847,12847,12847,12848,12850,29981]} 1. e4 c5 2. Nf3 e6 3. d4 cxd4 4. Nxd4 a6 5. c4 Nf6 6. Nc3 Qc7 7. a3 b6 8. Be2 {B41: Sicilian: Kan Variation: 5 c4} (8. Be3 Bb7 9. f3 d6 10. Be2 Nbd7 11. Rc1 Be7 12. O-O O-O 13. Kh1 Rac8 14. b4 Rfd8 15. Bg1 Qb8 16. Nb3 {1-0 (50) Ponomariov,R (2712)-Wojtaszek,R (2727) Huaian 2016}) 8... Bb7 9. f3 Be7 10. Be3 O-O 11. Qd2 d6 12. O-O Nbd7 {LiveBook: 111 Games} 13. b4 Ne5 14. Rac1 Rac8 15. Na4 Nfd7 16. Nb3 Qd8 $146 ({Predecessor:} 16... Rfd8) 17. Nb2 Nf6 18. Kh1 Bc6 19. a4 Rb8 20. Rc2 Ba8 21. Rd1 Qc7 (21... Nfd7 $14) 22. a5 $16 bxa5 23. Nxa5 Rfc8 {[#] aiming for ...d5.} 24. Rdc1 Qd8 (24... h6 $16) 25. Ba7 $18 Nxe4 26. fxe4 Bg5 27. Be3 Bxe3 28. Qxe3 Rxb4 29. Qa3 Rcb8 30. Nd3 Nxd3 ({Black should try} 30... Rb1 $1 $14) 31. Bxd3 $16 {[%cal Be2d3,Bd3c2,Bc2d1][%mdl 32]} Qh4 32. Re2 Qg5 {[#] ...Ra4! is the strong threat.} 33. Ra1 Qc5 34. Qc3 e5 35. h3 g6 36. Bc2 Rb2 37. Rd2 R2b4 38. Qd3 R8b6 39. Bd1 Kg7 40. Kh2 h6 41. Re2 Qc7 42. Rc1 Qb8 (42... Rb8 {was worth a try.}) 43. Rc3 Qc7 44. Nb3 {[%cal Ba5b3,Bb3d2,Bd2f1,Bf1e3,Be3d5][%mdl 32]} Rc6 45. Rec2 a5 46. Nd2 Rc5 47. Nf1 Qc6 48. Bf3 Bb7 49. Ne3 Ba6 50. Be2 Rb1 51. Nd5 Qc8 52. Qf3 {Threatening mate with Qf6+.} Qd8 53. Rb3 Rxb3 54. Qxb3 Bc8 55. Qb8 Rc6 $2 (55... h5 56. Ra2 Qf8) 56. Bg4 $18 h5 57. Bxc8 Qxc8 (57... Rxc8 {might work better.} 58. Qb3 Rc6) 58. Qa7 Rxc4 59. Nb6 Rxc2 60. Nxc8 Rxc8 {[%mdl 4096] Endgame KQ-KR} 61. Qa6 Rd8 62. Qb6 Re8 63. Qxd6 Re6 64. Qc5 a4 65. Qa5 Re7 66. Kg3 Re6 67. Qxa4 Re7 68. Kf3 Rc7 69. Qa5 Re7 70. Qc5 Re6 71. Qc7 Re8 72. Ke3 Re6 73. Kd3 Kf6 74. Kc4 Kg7 75. Kd5 Kf6 76. Qd8+ Kg7 77. h4 Kh7 78. Qd7 Rf6 79. Kxe5 Rf2 80. Qh3 Ra2 81. Kf6 Rf2+ 82. Ke7 Kg7 83. Qc3+ Kg8 84. Qc8+ Kh7 85. Qc5 (85. Kf8 $142 Ra2 86. Qc7 Ra8+ 87. Kxf7 Rg8 88. Kf6+ Kh8 89. Qf7 Rf8 90. Qxf8+ Kh7 91. Qg7#) 85... Rf4 86. Qd5 (86. Qe5 $142 Rxe4 87. Qxe4 f5 88. Qb7 Kg7 89. Ke6+ Kh6 90. Kf6 f4 91. Qg7#) 86... Kg8 {White is clearly winning.} 87. e5 Rf5 88. Qe4 Kg7 89. g3 Rf1 90. Qd3 Rf5 91. Qxf5 gxf5 92. e6 fxe6 93. Kxe6 {Precision: White = 73%, Black = 30%.} 1-0

[Event "World Team-ch Women 2017"]
[Site "Khanty-Mansyisk"]
[Date "2017.06.21"]
[Round "5"]
[White "Foisor, Sabina-Francesca"]
[Black "Lagno, Kateryna"]
[Result "1/2-1/2"]
[WhiteElo "2331"]
[BlackElo "2539"]
[Annotator "TA"]
[PlyCount "120"]
[EventDate "2017.??.??"]
[EventType "team-tourn"]
[EventCountry "RUS"]
[SourceTitle "playchess.com"]
[Source "ChessBase"]
[SourceQuality "1"]
[WhiteTeam "USA"]
[BlackTeam "RUS"]
[WhiteTeamCountry "USA"]
[BlackTeamCountry "RUS"]

{[%evp 14,120,21,12,13,10,7,3,26,27,38,34,74,0,0,0,0,0,0,0,62,-16,-20,-14,-25,-33,0,0,0,0,0,0,0,-10,0,-3,-9,-1,0,0,0,-4,-4,-4,-4,-4,-4,-4,-4,-69,0,0,0,0,0,0,0,0,0,0,0,0,0,-12,-12,-12,-12,-12,-12,-12,-12,-12,-12,-12,-12,-12,-12,-12,-12,-12,-12,-12,-12,-12,-12,-12,-12,-12,-12,-12,-12,-12,-12,-12,0,0,0,0,0,0,0,0,0,0,0,0,0,0,0]} 1. d4 Nf6 2. c4 g6 3. Nc3 d5 4. cxd5 Nxd5 5. Bd2 Bg7 6. e4 Nxc3 7. Bxc3 O-O 8. Qd2 Nc6 {[%cal Rc6d4] D85: Exchange Grünfeld: Unusual White 7th moves and lines with 7 Nf3} 9. Ne2 e6 $146 ({Predecessor:} 9... e5 10. d5 Nd4 11. Nxd4 exd4 12. Bxd4 Re8 13. f3 Qxd5 14. Bxg7 Qxd2+ 15. Kxd2 Kxg7 16. Bd3 {½-½ (31) Vallejo Pons,F (2716)-Aronian,L (2795) Novi Sad 2016}) 10. h4 {[%cal Bh2h4,Bh4h5][%mdl 32]} Qd6 11. h5 b5 {[#] Hoping for ...b4.} 12. d5 Ne5 $1 13. Nd4 (13. Nf4 $16) 13... exd5 $11 14. Nxb5 Qe7 15. hxg6 hxg6 16. f4 Ng4 (16... c6 $11) 17. Bxg7 ({Reject} 17. Qxd5 Bf5 $15) ({White should play} 17. e5 $1 $14) 17... Qxe4+ 18. Be2 Kxg7 19. O-O-O Bf5 {[%csl Gf5][%cal Re4b1] [#]} 20. Nc3 Qe3 $1 {[%cal Re3d2] With the idea ...Qxd2+.} 21. Bxg4 $1 ({Don't blunder} 21. Nxd5 $2 Qc5+ 22. Qc3+ Qxc3+ 23. Nxc3 Nf2 $19) 21... Qxd2+ 22. Rxd2 Bxg4 23. Rxd5 Rfd8 24. Re1 Rxd5 25. Nxd5 {[%mdl 4096] Endgame KRB-KRN} Rd8 26. Ne3 Be6 27. Kc2 Rd4 28. g3 Bxa2 29. Kc3 c5 30. Ra1 Ra4 31. g4 (31. Nd1 $11) 31... a5 (31... Kf6 $15) 32. g5 {The position is equal.} Re4 33. Rxa2 {Nc4 is the strong threat.} Rxe3+ {KR-KR} 34. Kd2 Rb3 35. Rxa5 Rxb2+ 36. Kd3 Rb3+ 37. Kd2 Rb4 38. Rxc5 (38. f5 $5) 38... Rxf4 39. Ke3 Rf1 40. Ke2 Ra1 (40... Rb1 {feels hotter.} 41. Kf2 Rb2+ 42. Kf3 Kf8 43. Kg3 Ke8) 41. Kf3 Kf8 42. Rc7 Ke8 43. Rb7 Rf1+ 44. Kg4 Rd1 45. Kf4 Rd7 46. Rb5 Ke7 47. Re5+ Kd6 48. Re1 Ra7 49. Rd1+ Ke7 50. Re1+ Kf8 51. Re4 Ra1 52. Kg4 Rg1+ 53. Kf4 f5 54. gxf6 Kf7 55. Ra4 Kxf6 56. Ra6+ Kg7 57. Ra8 Rb1 58. Kg5 Rb5+ 59. Kg4 Rb4+ 60. Kg5 Rb5+ {Precision: White = 76%, Black = 73%.} 1/2-1/2

[Event "World Team-ch Women 2017"]
[Site "Khanty-Mansyisk"]
[Date "2017.06.21"]
[Round "5"]
[White "Nguyen, Thi Mai Hung"]
[Black "Mammadova, Gulnar"]
[Result "1-0"]
[WhiteElo "2301"]
[BlackElo "2362"]
[Annotator "TA"]
[PlyCount "65"]
[EventDate "2017.??.??"]
[EventType "team-tourn"]
[EventCountry "RUS"]
[SourceTitle "playchess.com"]
[Source "ChessBase"]
[SourceQuality "1"]
[WhiteTeam "VIE"]
[BlackTeam "AZE"]
[WhiteTeamCountry "VIE"]
[BlackTeamCountry "AZE"]

{[%evp 14,65,34,42,57,50,68,62,68,16,19,16,16,10,63,12,0,12,62,57,59,53,69,78,78,81,108,113,199,168,192,165,295,296,311,311,402,404,489,494,508,510,486,468,629,621,602,605,711,589,958,964,919,879]} 1. d4 d5 2. Bf4 Nf6 3. e3 c5 4. Nf3 Nc6 5. Nbd2 (5. c3 Bg4 6. Nbd2 e6 7. Qb3 Qc8 8. Ne5 Nxe5 9. Bxe5 c4 10. Qc2 Bf5 11. Qd1 Nd7 12. g4 Bg6 13. Bg3 h5 14. g5 h4 {1-0 (45) Karjakin,S (2783)-Meier,G (2630) chess.com INT 2017}) 5... cxd4 6. exd4 {D02: 1 d4 d5 2 Nf3 sidelines, including 2...Nf6 3 g3 and 2...Nf6 3 Bf4} Bf5 7. c3 Qb6 8. Qb3 {LiveBook: 4 Games. White is slightly better.} Nd7 $146 ({Predecessor:} 8... e6 9. Ne5 Be7 10. Bb5 Rc8 11. Be2 Nxe5 12. Bxe5 O-O {½-½ (26) Romanov,E (2624)-Rublevsky,S (2682) Taganrog 2011}) 9. Be2 Qxb3 10. axb3 f6 11. Bb5 ({Better is} 11. Bg3 $14) 11... g5 $11 12. Bg3 h5 13. h3 Bh6 (13... Kf7 $11) 14. b4 (14. Nf1 $14) 14... Kf7 15. Nb3 Rhc8 (15... a6 $5 {[%cal Ra6b5]} 16. Be2 Rhc8 $11) 16. O-O a6 17. Be2 $1 Bg6 18. Ne1 h4 {[#]} 19. Bh2 $1 e5 20. dxe5 fxe5 (20... Ncxe5 $16 {was worth a try.} 21. Nd4 Re8) 21. Na5 Nxa5 22. Rxa5 b5 (22... Be4 $142 23. Bg4 Ke7) 23. Bg4 $18 Rd8 24. Nf3 e4 25. Nd4 {[%cal Bf3d4,Bd4b5,Bb5d6][%mdl 32]} Nf8 26. Rfa1 {White is clearly winning.} Bg7 {[#]} 27. Nxb5 $1 {[%mdl 512]} d4 (27... axb5 28. Rxa8) 28. cxd4 Rab8 29. Bxb8 Rxb8 30. Nd6+ Ke7 31. Rxa6 Rxb4 32. Ra7+ Kxd6 33. Rxg7 {Precision: White = 72%, Black = 23%.} 1-0

[Event "World Team-ch Women 2017"]
[Site "Khanty-Mansyisk"]
[Date "2017.06.21"]
[Round "5"]
[White "Gorti, Akshita"]
[Black "Girya, Olga"]
[Result "1/2-1/2"]
[WhiteElo "2240"]
[BlackElo "2480"]
[Annotator "TA"]
[PlyCount "84"]
[EventDate "2017.??.??"]
[EventType "team-tourn"]
[EventCountry "RUS"]
[SourceTitle "playchess.com"]
[Source "ChessBase"]
[SourceQuality "1"]
[WhiteTeam "USA"]
[BlackTeam "RUS"]
[WhiteTeamCountry "USA"]
[BlackTeamCountry "RUS"]

{[%evp 21,84,20,15,3,0,0,10,6,5,0,0,-6,0,0,0,0,0,0,0,0,0,0,42,50,53,51,58,45,121,108,104,0,0,0,117,8,8,9,12,16,9,12,12,13,41,20,20,0,46,0,22,0,0,0,0,0,0,0,0,0,0,0,0,0,0]} 1. d4 d5 2. c4 c6 3. Nf3 Nf6 4. e3 Bg4 5. Qb3 Qb6 6. Nc3 e6 7. Nh4 {D11: Slav Defence: 3 Nf3 sidelines and 3...Nf6 4 e3 Bg4} Bh5 8. h3 Nbd7 9. g4 Bg6 10. Nxg6 hxg6 11. Bg2 g5 {LiveBook: 38 Games} 12. Bd2 Be7 13. O-O-O a5 14. Qxb6 Nxb6 {[#]} 15. c5 $146 Nbd7 16. e4 Nxe4 17. Bxe4 dxe4 18. Nxe4 f6 19. f4 gxf4 20. Bxf4 b6 {[%cal Rb6c5]} 21. Rde1 {aiming for Nd6+.} bxc5 22. Nd6+ Kf8 23. Rxe6 {Strongly threatening Nf5.} cxd4 24. Nf5 Nc5 (24... Bc5 $14) 25. Rxe7 $16 Nd3+ {[#]} 26. Kd2 (26. Kb1 $1 $16 {Black must now prevent Bd6.} Nxf4 27. Rxg7) 26... Nxf4 $11 27. Rxg7 Re8 {[#]} (27... Rb8 $1 $11 28. b3 a4) 28. Rc7 (28. Rb7 $1 $16) 28... Re2+ $1 29. Kc1 Rxh3 30. Rxh3 Nxh3 31. Nxd4 {[%mdl 4096] Endgame KRN-KRN} Re4 32. Nf5 {Rc8+ is the strong threat.} Re6 33. Rc8+ Kf7 34. Rc7+ Kf8 35. Rc8+ Kf7 {The position is equal.} 36. Nd4 Re4 37. Nxc6 a4 38. b4 {Threatens to win with b5.} axb3 39. axb3 Nf2 40. Rd8 Nxg4 41. Rd4 Rxd4 42. Nxd4 Ke7 {Precision: White = 53%, Black = 79%.} 1/2-1/2